000 00671nam a22002297a 4500
003 UA-OsUOA
001 41741
007 ta
008 20080930b un ||||| |||| 00| 0 ukr d
100 _aВостоковъ А.
090 _a09/81.36
_bВ78
942 _cBK
040 _aUA-OsUOA
_brus
_cUA-OsUOA
_dUA-OsUOA
245 _aГрамматика церковно-словенскаго языка.
300 _a135 с.
955 _a4
041 _arus
080 _a09/81.36
260 _aСанкт-Петербург
_c1863
650 7 _a8 Мовознавство. Художня література. Літературознавство
_2UDC
999 _c440242
_d440242